000 00672nam a2200181 i 4500
001 162629
003 ES-MaACL
005 20250729014428.0
008 990706s1862 be |||| | fre d
040 _aCCPB | B
_bspa
_cCCPB | B
100 1 _aProudhon, Pierre-Joseph.
_994052
245 1 4 _aLes majorats littéraires
_b: examen d'un project de loi avant pour but de créer au profit des auteurs ... /
_cpar P. -J. Proudhon.
260 _aBruxelles :
_bA. Lacroix, Verboeckhoven et C\pie\s, Éditeur,
_c1862.
300 _a166 p. ;
_c18 cm.
650 0 7 _aPropiedad intelectual
_2embne
_916488
852 _aES-MaACL
_jG-8547(2)
_z-- Enc. hol.
999 _c162629
_d162629